Makroekonomický vývoj SR do marca 2005

Uložené v:
Podrobná bibliografia
Hlavný autor: Chajdiak, Jozef
Médium: Kapitola
Jazyk:Slovak
Tagy: Pridať tag
Žiadne tagy, Buďte prvý, kto otaguje tento záznam!

MARC

LEADER 00000naa$a2200000$$$4500
001 0062321
005 20240502071713.3
041 0 |a slo 
044 |a SK 
245 1 0 |a Makroekonomický vývoj SR do marca 2005  |c Jozef Chajdiak 
100 1 |a Chajdiak, Jozef